Statistics for Capital cities beginning with Port

Click here to take the quiz!

General Stats

  • This quiz has been taken 51 times
  • The average score is 4 of 5

Answer Stats

ContinentCapital% Correct
North AmericaPort au Prince
94%
OceaniaPort Moresby
85%
North AmericaPort of Spain
81%
AfricaPort Louis
60%
OceaniaPort Vila
56%

Score Distribution

Percentile by Number Answered

Percent of People with Each Score

Your Score History

You have not taken this quiz